000 00279nam a2200097Ia 4500
082 _a808.81|NKOS
245 0 _aSky and Dust Edge of the Universe
100 _a Monarchy Nkos'Enhle South Africa, 2014
_953497
942 _cBK
008 210817s9999 xx 000 0 und d
999 _c169655
_d169654